[Event "Villa Martelli Fischer Memorial"]
[Site "Villa Martelli"]
[Date "2008.03.18"]
[Round "8.3"]
[White "Coelho, Luis Henrique"]
[Black "Panno, Oscar"]
[Result "1/2-1/2"]
[WhiteElo "2392"]
[BlackElo "2429"]
[PlyCount "81"]
[EventDate "2008.03.11"]
[EventType "tourn"]
[EventRounds "9"]
[EventCountry "ARG"]
[EventCategory "9"]
[SourceTitle "CBM 123 Extra"]
[Source "ChessBase"]
[SourceDate "2008.05.06"]
[SourceVersion "1"]
[SourceVersionDate "2008.05.06"]
[SourceQuality "1"]

1. d4 d5 2. c4 c6 3. Nc3 Nf6 4. e3 g6 5. Nf3 Bg7 6. Bd3 0-0 7. 0-0 Bg4 8. h3 Bxf3 9. Qxf3 e6 10. b4 Nbd7 11. Rb1 Re8 12. Rd1 Qe7 13. b5 Rab8 14. Bf1 Rec8 15. e4 dxc4 16. Bxc4 c5 17. Ba3 Qe8 18. dxc5 Nxc5 19. Rbc1 Nfd7 20. Bf1 b6 21. Qe3 Nb7 22. Ne2 Rxc1 23. Bxc1 Ndc5 24. Nd4 Rd8 25. e5 Na5 26. Be2 Qe7 27. Bd2 Ncb7 28. Rc1 Qd7 29. Bc3 Qd5 30. Bf3 Qxe5 31. Qxe5 Bxe5 32. Nc6 Nxc6 33. bxc6 Bxc3 34. cxb7 Be5 35. Rc8 Rf8 36. Bc6 Kg7 37. g3 f5 38. Bd7 Rf7 39. Bc6 Rf8 40. Bd7 Rf7 41. Bc6 1/2-1/2

[Event "Villa Martelli Fischer Memorial"]
[Site "Villa Martelli"]
[Date "2008.03.16"]
[Round "6"]
[White "Mekhitarian, Krikor Sevag"]
[Black "Panno, Oscar"]
[Result "0-1"]
[WhiteElo "2456"]
[BlackElo "2429"]
[PlyCount "96"]
[EventDate "2008.03.11"]
[EventType "tourn"]
[EventRounds "9"]
[EventCountry "ARG"]
[EventCategory "9"]
[SourceTitle "CBM 123 Extra"]
[Source "ChessBase"]
[SourceDate "2008.05.06"]
[SourceVersion "1"]
[SourceVersionDate "2008.05.06"]
[SourceQuality "1"]

1. e4 c5 2. Nf3 Nc6 3. d4 cxd4 4. Nxd4 Qb6 5. Nb3 Nf6 6. Nc3 e6 7. Qe2 d6 8. g4 a6 9. Bg2 Qc7 10. Be3 Be7 11. g5 Nd7 12. 0-0-0 b5 13. f4 Nb6 14. Bxb6 Qxb6 15. Rhe1 Ra7 16. Kb1 0-0 17. Rd3 b4 18. Nd1 a5 19. Qh5 g6 20. Qh6 f6 21. f5 Ne5 22. fxg6 Nxg6 23. e5 f5 24. exd6 Bxd6 25. Nd2 Qc7 26. Nc4 Bc5 27. Rd2 Rd8 28. Qh3 Rxd2 29. Nxd2 Qd8 30. Nb3 Bb6 31. Qg3 Rd7 32. Bf3 a4 33. Nc1 Rd2 34. Be2 e5 35. Bd3 e4 36. Bc4+ Kg7 37. Qb8 Qc7 38. Qxc7+ Bxc7 39. Ne3 Ne5 40. Nd5 Bd8 41. b3 Be6 42. Nf4 Bxc4 43. bxc4 Bxg5 44. Nce2 Bxf4 45. Nxf4 Nxc4 46. h4 Na3+ 47. Kb2 Rxc2+ 48. Ka1 b3 0-1

[Event "Arnhem Euwe Stimulans-A"]
[Site "Arnhem"]
[Date "2007.08.18"]
[Round "2"]
[White "Panno, Oscar"]
[Black "Ziska, Helgi Dam"]
[Result "1/2-1/2"]
[WhiteElo "2457"]
[BlackElo "2392"]
[PlyCount "68"]
[EventDate "2007.08.17"]
[EventType "tourn"]
[EventRounds "9"]
[EventCountry "NED"]
[EventCategory "7"]
[SourceTitle "CBM 119 Extra"]
[Source "ChessBase"]
[SourceDate "2007.09.04"]
[SourceVersion "1"]
[SourceVersionDate "2007.09.04"]
[SourceQuality "1"]

1. Nf3 Nf6 2. c4 g6 3. g3 Bg7 4. Bg2 0-0 5. d4 d6 6. 0-0 Nbd7 7. Nc3 e5 8. e3 Re8 9. a4 a5 10. b3 Nf8 11. Ra2 Bd7 12. h3 c6 13. Ba3 e4 14. Nd2 d5 15. cxd5 cxd5 16. Rc2 Rc8 17. Qe2 Re6 18. Rfc1 Rec6 19. Qd1 Ne6 20. Ne2 Rxc2 21. Rxc2 b5 22. Rxc8 Qxc8 23. axb5 Bxb5 24. Qc1 Qd7 25. Nc3 Bc6 26. Ne2 h5 27. Qc3 a4 28. bxa4 Bxa4 29. Nb3 Qb5 30. Nec1 h4 31. Bf1 Qb8 32. gxh4 g5 33. Qb4 Qe8 34. Qe7 gxh4 1/2-1/2

[Event "Mercosur Cup"]
[Site "Villa Martelli"]
[Date "2007.08.01"]
[Round "10"]
[White "Lemos, Damian"]
[Black "Panno, Oscar"]
[Result "1-0"]
[WhiteElo "2456"]
[BlackElo "2457"]
[PlyCount "71"]
[EventDate "2007.07.23"]
[EventType "tourn"]
[EventRounds "11"]
[EventCountry "ARG"]
[EventCategory "7"]
[SourceTitle "CBM 119 Extra"]
[Source "ChessBase"]
[SourceDate "2007.09.04"]
[SourceVersion "1"]
[SourceVersionDate "2007.09.04"]
[SourceQuality "1"]

1. e4 c5 2. Nf3 Nc6 3. d4 cxd4 4. Nxd4 e6 5. Nc3 Qc7 6. f4 a6 7. Nxc6 Qxc6 8. Bd3 b5 9. Qe2 Bb7 10. Bd2 Be7 11. a3 Rc8 12. 0-0 Nf6 13. Kh1 0-0 14. Rae1 d6 15. e5 Nd7 16. exd6 Bxd6 17. Be4 Qc7 18. Qd3 Bxe4 19. Nxe4 Be7 20. Bc3 Rfe8 21. Qg3 g6 22. Qh3 f5 23. Rd1 e5 24. Ng3 Rf8 25. Rfe1 Bf6 26. Ne4 Rce8 27. Nxf6+ Nxf6 28. Bxe5 Qxc2 29. Rc1 Qf2 30. Qb3+ Rf7 31. Red1 Ng4 32. Rd7 Nxe5 33. fxe5 Ref8 34. e6 Rxd7 35. exd7+ Kg7 36. Qb4 1-0

[Event "Mercosur Cup"]
[Site "Villa Martelli"]
[Date "2007.07.29"]
[Round "7"]
[White "Panno, Oscar"]
[Black "Slipak, Sergio"]
[Result "1/2-1/2"]
[WhiteElo "2457"]
[BlackElo "2435"]
[PlyCount "22"]
[EventDate "2007.07.23"]
[EventType "tourn"]
[EventRounds "11"]
[EventCountry "ARG"]
[EventCategory "7"]
[SourceTitle "CBM 119 Extra"]
[Source "ChessBase"]
[SourceDate "2007.09.04"]
[SourceVersion "1"]
[SourceVersionDate "2007.09.04"]
[SourceQuality "1"]

1. Nf3 Nf6 2. g3 b6 3. Bg2 Bb7 4. 0-0 g6 5. b3 Bg7 6. Bb2 c5 7. c4 0-0 8. Nc3 Na6 9. Qb1 e6 10. Rd1 Qe7 11. d4 cxd4 1/2-1/2

[Event "Mercosur Cup"]
[Site "Villa Martelli"]
[Date "2006.07.31"]
[Round "10"]
[White "Panno, Oscar"]
[Black "Slipak, Sergio"]
[Result "1/2-1/2"]
[WhiteElo "2459"]
[BlackElo "2463"]
[PlyCount "22"]
[EventDate "2006.07.24"]
[EventType "tourn"]
[EventRounds "13"]
[EventCountry "ARG"]
[EventCategory "7"]
[SourceTitle "CBM 113 Extra"]
[Source "ChessBase"]
[SourceDate "2006.09.14"]
[SourceVersion "1"]
[SourceVersionDate "2006.09.14"]
[SourceQuality "1"]

1. Nf3 Nf6 2. g3 b6 3. Bg2 Bb7 4. 0-0 g6 5. b3 Bg7 6. Bb2 0-0 7. c4 c5 8. Nc3 Na6 9. d4 Ne4 10. Nxe4 Bxe4 11. Qd2 d6 1/2-1/2

[Event "Mercosur Cup"]
[Site "Villa Martelli"]
[Date "2006.07.30"]
[Round "7"]
[White "Panno, Oscar"]
[Black "Bachmann, Axel"]
[Result "1/2-1/2"]
[WhiteElo "2459"]
[BlackElo "2448"]
[PlyCount "25"]
[EventDate "2006.07.24"]
[EventType "tourn"]
[EventRounds "13"]
[EventCountry "ARG"]
[EventCategory "7"]
[SourceTitle "CBM 113 Extra"]
[Source "ChessBase"]
[SourceDate "2006.09.14"]
[SourceVersion "1"]
[SourceVersionDate "2006.09.14"]
[SourceQuality "1"]

1. Nf3 g6 2. d4 Bg7 3. c4 Nf6 4. g3 0-0 5. Bg2 d6 6. 0-0 Ne4 7. Nbd2 Nxd2 8. Bxd2 c5 9. Bc3 Nc6 10. Rc1 cxd4 11. Nxd4 Bd7 12. b3 Rc8 13. Qd2 1/2-1/2

[Event "Mercosur Cup"]
[Site "Villa Martelli"]
[Date "2006.07.27"]
[Round "4"]
[White "Needleman, Gaston"]
[Black "Panno, Oscar"]
[Result "0-1"]
[WhiteElo "2435"]
[BlackElo "2459"]
[PlyCount "78"]
[EventDate "2006.07.24"]
[EventType "tourn"]
[EventRounds "13"]
[EventCountry "ARG"]
[EventCategory "7"]
[SourceTitle "CBM 113 Extra"]
[Source "ChessBase"]
[SourceDate "2006.09.14"]
[SourceVersion "1"]
[SourceVersionDate "2006.09.14"]
[SourceQuality "1"]

1. e4 e5 2. Nf3 d6 3. d4 Nf6 4. Nc3 Nbd7 5. Bc4 Be7 6. 0-0 0-0 7. Qe2 c6 8. a4 a5 9. Rd1 Qc7 10. h3 h6 11. Be3 Re8 12. Bb3 exd4 13. Bxd4 Ne5 14. Nd2 Be6 15. f4 Bxb3 16. cxb3 Ned7 17. Rac1 Nf8 18. Qf3 Qb8 19. Kh1 Ne6 20. Bf2 Bf8 21. Nf1 Nd7 22. Ng3 Ndc5 23. Nce2 b5 24. h4 bxa4 25. f5 Nd8 26. Qg4 Nxb3 27. Rc3 c5 28. Nh5 Nc6 29. Rg3 Ne5 30. Qf4 Kh8 31. Be3 f6 32. Qf2 Ra7 33. Nef4 Qb4 34. Re1 Rb7 35. Nxf6 gxf6 36. Nd5 Nd3 37. Qf3 Qxe1+ 38. Kh2 Rg7 39. Rh3 Ne5 0-1

[Event "Mercosur Cup"]
[Site "Villa Martelli"]
[Date "2006.07.24"]
[Round "1"]
[White "Panno, Oscar"]
[Black "Rojas Keim, Luis Alberto"]
[Result "1/2-1/2"]
[WhiteElo "2459"]
[BlackElo "2357"]
[PlyCount "90"]
[EventDate "2006.07.24"]
[EventType "tourn"]
[EventRounds "13"]
[EventCountry "ARG"]
[EventCategory "7"]
[SourceTitle "CBM 113 Extra"]
[Source "ChessBase"]
[SourceDate "2006.09.14"]
[SourceVersion "1"]
[SourceVersionDate "2006.09.14"]
[SourceQuality "1"]

1. c4 e5 2. Nc3 Nf6 3. Nf3 Nc6 4. g3 Bb4 5. Bg2 0-0 6. 0-0 e4 7. Ne1 Re8 8. Nd5 Bf8 9. d3 exd3 10. Nxd3 Ne4 11. b3 d6 12. Bb2 Bf5 13. f3 Ng5 14. Nf2 h6 15. Qd2 Rb8 16. Rac1 Ne7 17. e4 Nxd5 18. cxd5 Bd7 19. f4 Nh7 20. e5 dxe5 21. fxe5 f6 22. Qf4 Bb5 23. Rfe1 fxe5 24. Bxe5 Bd6 25. Bxd6 Rxe1+ 26. Rxe1 cxd6 27. Qb4 Qb6 28. a4 Rf8 29. Qd2 Bd7 30. Re3 a5 31. h3 Nf6 32. Kh2 Re8 33. Nd1 Qc5 34. Rxe8+ Bxe8 35. Ne3 Bf7 36. g4 b6 37. Kg3 Bg6 38. Kf4 Nd7 39. Be4 Bxe4 40. Kxe4 Qa3 41. Qc2 Nc5+ 42. Kf3 Qa1 43. Qf5 Qh1+ 44. Ke2 Qh2+ 45. Kd1 Qxh3 1/2-1/2

[Event "Pereyra Puebla Memorial 05th"]
[Site "Mendoza"]
[Date "2005.12.20"]
[Round "7"]
[White "Panno, Oscar"]
[Black "Di Benedetto, Guillermo"]
[Result "0-1"]
[WhiteElo "2472"]
[BlackElo "2282"]
[PlyCount "88"]
[EventDate "2005.12.16"]
[EventType "swiss"]
[EventRounds "9"]
[EventCountry "ARG"]
[SourceTitle "CBM 109 Extra"]
[Source "ChessBase"]
[SourceDate "2006.01.03"]
[SourceVersion "2"]
[SourceVersionDate "2006.01.03"]
[SourceQuality "1"]

1. d4 f5 2. g3 Nf6 3. Bg2 g6 4. Nh3 Bg7 5. 0-0 0-0 6. Nf4 d6 7. d5 c6 8. c4 e5 9. dxe6 Na6 10. Nc3 Nc5 11. Rb1 g5 12. Nd3 Nxe6 13. e3 g4 14. e4 fxe4 15. Nxe4 Nxe4 16. Bxe4 Nd4 17. Be3 Nf3+ 18. Bxf3 gxf3 19. Nf4 Bf5 20. Qxf3 Bxb1 21. Rxb1 Qd7 22. b3 Rae8 23. Rd1 Be5 24. Qh5 Qf5 25. Qxf5 Rxf5 26. Ne2 b6 27. Kg2 Rf7 28. Rd2 Rd7 29. c5 bxc5 30. Bxc5 Red8 31. Ba3 c5 32. f4 Bg7 33. Kf3 Rc8 34. Rd5 c4 35. b4 Re8 36. Bc1 Rde7 37. Nd4 Re1 38. Bd2 Rf1+ 39. Kg4 Rd1 40. Nf5 c3 41. Bxc3 Rxd5 42. Nxg7 Rc8 43. Ba1 Rc1 44. Bb2 Rc2 0-1

[Event "Pereyra Puebla Memorial 05th"]
[Site "Mendoza"]
[Date "2005.12.19"]
[Round "6"]
[White "Soppe, Guillermo"]
[Black "Panno, Oscar"]
[Result "1/2-1/2"]
[WhiteElo "2414"]
[BlackElo "2472"]
[PlyCount "30"]
[EventDate "2005.12.16"]
[EventType "swiss"]
[EventRounds "9"]
[EventCountry "ARG"]
[SourceTitle "CBM 109 Extra"]
[Source "ChessBase"]
[SourceDate "2006.01.03"]
[SourceVersion "2"]
[SourceVersionDate "2006.01.03"]
[SourceQuality "1"]

1. d4 Nf6 2. Bg5 e6 3. Nf3 c5 4. e3 cxd4 5. exd4 Be7 6. c3 b6 7. Bd3 Bb7 8. 0-0 0-0 9. Nbd2 d6 10. Re1 Nbd7 11. a4 a6 12. Nf1 Re8 13. Ng3 h6 14. Bxf6 Nxf6 15. Ne4 Nxe4 1/2-1/2

[Event "Pereyra Puebla Memorial 05th"]
[Site "Mendoza"]
[Date "2005.12.18"]
[Round "4"]
[White "Daneri, Martin"]
[Black "Panno, Oscar"]
[Result "1/2-1/2"]
[WhiteElo "2228"]
[BlackElo "2472"]
[PlyCount "55"]
[EventDate "2005.12.16"]
[EventType "swiss"]
[EventRounds "9"]
[EventCountry "ARG"]
[SourceTitle "CBM 109 Extra"]
[Source "ChessBase"]
[SourceDate "2006.01.03"]
[SourceVersion "2"]
[SourceVersionDate "2006.01.03"]
[SourceQuality "1"]

1. e4 c5 2. Nf3 e6 3. d3 Nc6 4. g3 g6 5. Bg2 Bg7 6. 0-0 Nge7 7. Qe2 0-0 8. c3 e5 9. a3 d6 10. b4 h6 11. Bb2 Be6 12. Nbd2 Qd7 13. Nc4 b5 14. Ne3 cxb4 15. axb4 f5 16. Nd2 d5 17. exf5 gxf5 18. Nb3 Bf7 19. Nc5 Qd6 20. Ra6 f4 21. Nc2 Rab8 22. Bh3 Rb6 23. Rfa1 Be8 24. Qg4 Nf5 25. Bc1 d4 26. Bb2 Kh8 27. Rxb6 axb6 28. Ne4 1/2-1/2

[Event "Pereyra Puebla Memorial 03rd"]
[Site "Mendoza"]
[Date "2004.12.16"]
[Round "8"]
[White "Panno, Oscar"]
[Black "Sanes, Vladimir"]
[Result "1-0"]
[WhiteElo "2482"]
[BlackElo "2253"]
[PlyCount "83"]
[EventDate "2004.12.11"]
[EventType "swiss"]
[EventRounds "9"]
[EventCountry "ARG"]
[SourceTitle "CBM 103 Extra"]
[Source "ChessBase"]
[SourceDate "2005.01.01"]
[SourceVersion "1"]
[SourceVersionDate "2005.01.01"]
[SourceQuality "1"]

1. Nf3 f5 2. g3 g6 3. Bg2 Bg7 4. d4 Nf6 5. 0-0 0-0 6. c4 d6 7. Nc3 Qe8 8. d5 Na6 9. Rb1 e5 10. dxe6 Bxe6 11. Nd4 c6 12. b3 Nc5 13. Qc2 a5 14. Ba3 Rd8 15. Rbd1 Bf7 16. e3 Nfe4 17. Nxe4 Nxe4 18. g4 Nc3 19. Qxc3 c5 20. gxf5 cxd4 21. exd4 gxf5 22. Bxb7 Kh8 23. Bf3 Rg8 24. Kh1 Bh5 25. Rg1 Rd7 26. Rde1 Bxf3+ 27. Qxf3 Re7 28. Re3 Re4 29. Bxd6 Bxd4 30. Rxg8+ Kxg8 31. Rxe4 fxe4 32. Qg4+ Bg7 33. Bf4 h5 34. Qf5 Kh8 35. Kg2 Bd4 36. Qxa5 e3 37. fxe3 Qe4+ 38. Kg3 h4+ 39. Kxh4 Bf6+ 40. Kg3 Qg6+ 41. Kf3 Qb1 42. Qh5+ 1-0

[Event "Pereyra Puebla Memorial 03rd"]
[Site "Mendoza"]
[Date "2004.12.15"]
[Round "7"]
[White "Dolezal, Cristian"]
[Black "Panno, Oscar"]
[Result "1/2-1/2"]
[WhiteElo "2410"]
[BlackElo "2482"]
[PlyCount "111"]
[EventDate "2004.12.11"]
[EventType "swiss"]
[EventRounds "9"]
[EventCountry "ARG"]
[SourceTitle "CBM 103 Extra"]
[Source "ChessBase"]
[SourceDate "2005.01.01"]
[SourceVersion "1"]
[SourceVersionDate "2005.01.01"]
[SourceQuality "1"]

1. e4 c5 2. g3 g6 3. Bg2 Bg7 4. d3 Nc6 5. f4 d6 6. Nf3 f5 7. 0-0 Nf6 8. Re1 0-0 9. c3 e6 10. Na3 Rb8 11. Nc4 fxe4 12. dxe4 Nxe4 13. Rxe4 d5 14. Re1 dxc4 15. Be3 b6 16. Qe2 Qd3 17. Qf2 Na5 18. Rad1 Qf5 19. Ng5 h6 20. Ne4 Qh5 21. Bf3 Qh3 22. Nd6 e5 23. Nxc8 Rbxc8 24. Qc2 exf4 25. Bd5+ Kh7 26. Bxf4 Rcd8 27. Bg2 Qf5 28. Be4 Qf7 29. h4 h5 30. Qe2 Kh8 31. Rxd8 Rxd8 32. Rd1 Nb7 33. Qc2 Rxd1+ 34. Qxd1 Bf6 35. Qd5 Nd8 36. Qxf7 Nxf7 37. Bxg6 Ne5 38. Bxe5 Bxe5 39. Kg2 b5 40. Bxh5 b4 41. Bf7 bxc3 42. bxc3 Bxc3 43. Bxc4 Be1 44. Kh3 Kg7 45. g4 Kf6 46. Bd3 Ke5 47. g5 Kf4 48. Be2 a5 49. a4 Bf2 50. g6 Bd4 51. Kg2 Kf5 52. h5 Kg5 53. Kf1 c4 54. Ke1 Kh6 55. Kd2 Kg5 56. Bxc4 1/2-1/2

[Event "Pereyra Puebla Memorial 03rd"]
[Site "Mendoza"]
[Date "2004.12.13"]
[Round "5"]
[White "Panno, Oscar"]
[Black "Salguero, Francisco"]
[Result "1/2-1/2"]
[WhiteElo "2482"]
[BlackElo "2281"]
[PlyCount "34"]
[EventDate "2004.12.11"]
[EventType "swiss"]
[EventRounds "9"]
[EventCountry "ARG"]
[SourceTitle "CBM 103 Extra"]
[Source "ChessBase"]
[SourceDate "2005.01.01"]
[SourceVersion "1"]
[SourceVersionDate "2005.01.01"]
[SourceQuality "1"]

1. d4 Nf6 2. c4 g6 3. Nf3 Bg7 4. g3 0-0 5. Bg2 d6 6. 0-0 Nbd7 7. Nc3 e5 8. e3 Re8 9. a4 c6 10. b3 e4 11. Ng5 d5 12. cxd5 cxd5 13. f3 h6 14. Nh3 Nf8 15. Nf2 exf3 16. Qxf3 Be6 17. Bd2 g5 1/2-1/2

[Event "Pereyra Puebla Memorial 03rd"]
[Site "Mendoza"]
[Date "2004.12.12"]
[Round "4"]
[White "Needleman, Gaston"]
[Black "Panno, Oscar"]
[Result "0-1"]
[WhiteElo "2260"]
[BlackElo "2482"]
[PlyCount "70"]
[EventDate "2004.12.11"]
[EventType "swiss"]
[EventRounds "9"]
[EventCountry "ARG"]
[SourceTitle "CBM 103 Extra"]
[Source "ChessBase"]
[SourceDate "2005.01.01"]
[SourceVersion "1"]
[SourceVersionDate "2005.01.01"]
[SourceQuality "1"]

1. e4 e6 2. d4 d5 3. Nd2 Be7 4. Ngf3 Nf6 5. e5 Nfd7 6. Bd3 c5 7. c3 Nc6 8. 0-0 a5 9. Re1 cxd4 10. cxd4 Qb6 11. Nf1 Nxd4 12. Nxd4 Qxd4 13. Ng3 g6 14. Be3 Qh4 15. f4 0-0 16. Rc1 b6 17. Bb5 Bc5 18. Bxd7 Bxd7 19. Qd3 Rfc8 20. Ne2 Bb5 21. Qd2 Bxe2 22. Qxe2 d4 23. g3 Qh3 24. Bf2 d3 25. Qxd3 Bxf2+ 26. Kxf2 Qxh2+ 27. Kf3 Qxb2 28. Rxc8+ Rxc8 29. Qd7 Qc3+ 30. Kg4 Kg7 31. Rd1 h5+ 32. Kh3 Qf3 33. Qd3 Qg4+ 34. Kg2 h4 35. Rd2 b5 0-1

[Event "Pereyra Puebla Memorial 03rd"]
[Site "Mendoza"]
[Date "2004.12.12"]
[Round "3"]
[White "Panno, Oscar"]
[Black "Aguilar, Andres"]
[Result "1/2-1/2"]
[WhiteElo "2482"]
[BlackElo "2256"]
[PlyCount "48"]
[EventDate "2004.12.11"]
[EventType "swiss"]
[EventRounds "9"]
[EventCountry "ARG"]
[SourceTitle "CBM 103 Extra"]
[Source "ChessBase"]
[SourceDate "2005.01.01"]
[SourceVersion "1"]
[SourceVersionDate "2005.01.01"]
[SourceQuality "1"]

1. Nf3 d5 2. d4 Nf6 3. c4 c6 4. e3 a6 5. Nbd2 Bg4 6. Be2 Nbd7 7. b3 e6 8. Bb2 Be7 9. 0-0 0-0 10. c5 b6 11. b4 a5 12. a3 Qb8 13. Bc3 axb4 14. axb4 Rxa1 15. Qxa1 Ne4 16. h3 Bh5 17. Qa3 f5 18. Re1 f4 19. Bd3 fxe3 20. Rxe3 Nxd2 21. Bxd2 bxc5 22. bxc5 Bxf3 23. Rxf3 Rxf3 24. gxf3 e5 1/2-1/2

[Event "Vicente Lopez Magistral 7th"]
[Site "Vicente Lopez"]
[Date "2004.07.19"]
[Round "10"]
[White "Cubas, Jose Fernando"]
[Black "Panno, Oscar"]
[Result "0-1"]
[WhiteElo "2384"]
[BlackElo "2474"]
[PlyCount "98"]
[EventDate "2004.07.09"]
[EventType "tourn"]
[EventRounds "11"]
[EventCountry "ARG"]
[EventCategory "6"]
[SourceTitle "CBM 101 Extra"]
[Source "ChessBase"]
[SourceDate "2004.09.01"]
[SourceVersion "2"]
[SourceVersionDate "2004.09.01"]
[SourceQuality "1"]

1. e4 c5 2. Nf3 e6 3. d4 cxd4 4. Nxd4 a6 5. Bd3 g6 6. Nc3 Bg7 7. Be3 Ne7 8. Qd2 d5 9. exd5 Nxd5 10. Nxd5 Qxd5 11. c4 Qd7 12. Nb3 Nc6 13. 0-0-0 0-0 14. Be2 Qxd2+ 15. Rxd2 f5 16. f4 e5 17. Rd6 Re8 18. Bf3 e4 19. Be2 Bf8 20. Rd2 Bb4 21. Rdd1 Be6 22. Nc5 Bxc5 23. Bxc5 Rac8 24. b4 a5 25. a3 axb4 26. axb4 Na5 27. Kb2 Bxc4 28. Ra1 Bxe2 29. Rxa5 Red8 30. Ra3 Rd2+ 31. Kc1 Rd5 32. Kb2 b6 33. Bxb6 Rd2+ 34. Ka1 Bd3 35. g3 Rcc2 36. h4 Kf7 37. Be3 Re2 38. Rc1 Rxc1+ 39. Bxc1 Rg2 40. Ra7+ Ke6 41. Rxh7 Rxg3 42. h5 gxh5 43. Rxh5 e3 44. Kb2 Kd5 45. Kc3 e2 46. Bd2 Be4+ 47. Kb2 Rg1 48. b5 e1Q 49. Bxe1 Rxe1 0-1

[Event "Vicente Lopez Magistral 7th"]
[Site "Vicente Lopez"]
[Date "2004.07.18"]
[Round "9"]
[White "Panno, Oscar"]
[Black "Valerga, Diego"]
[Result "1/2-1/2"]
[WhiteElo "2474"]
[BlackElo "2498"]
[PlyCount "92"]
[EventDate "2004.07.09"]
[EventType "tourn"]
[EventRounds "11"]
[EventCountry "ARG"]
[EventCategory "6"]
[SourceTitle "CBM 101 Extra"]
[Source "ChessBase"]
[SourceDate "2004.09.01"]
[SourceVersion "2"]
[SourceVersionDate "2004.09.01"]
[SourceQuality "1"]

1. Nf3 g6 2. d4 Nf6 3. g3 Bg7 4. Bg2 0-0 5. c4 d6 6. 0-0 Nc6 7. Nc3 Bf5 8. b3 Ne4 9. Bb2 Nxc3 10. Bxc3 Be4 11. Rc1 d5 12. e3 e6 13. Qe2 a5 14. Ne1 Bxg2 15. Nxg2 Qd7 16. Nf4 Rfd8 17. Rfd1 Ne7 18. Nd3 b6 19. Be1 dxc4 20. Rxc4 Nf5 21. a4 Rac8 22. Rcc1 Qd5 23. b4 Qe4 24. Rc2 axb4 25. Bxb4 Ra8 26. a5 bxa5 27. Nc5 Qc6 28. Bxa5 Rxa5 29. Nb3 Qa8 30. Nxa5 Qxa5 31. Rc5 Qb6 32. Rdc1 Rd7 33. Qc2 Nxd4 34. exd4 Bxd4 35. Rc6 Qa5 36. Rxc7 Bxf2+ 37. Kf1 Rxc7 38. Qxc7 Qxc7 39. Rxc7 Bd4 40. Ke2 h5 41. Kf3 Kg7 42. h3 Be5 43. Ra7 g5 44. g4 Kg6 45. Ke4 hxg4 46. hxg4 Bd6 1/2-1/2

[Event "Vicente Lopez Magistral 7th"]
[Site "Vicente Lopez"]
[Date "2004.07.15"]
[Round "7"]
[White "Panno, Oscar"]
[Black "Fusco, Leonardo"]
[Result "1-0"]
[WhiteElo "2474"]
[BlackElo "2296"]
[PlyCount "117"]
[EventDate "2004.07.09"]
[EventType "tourn"]
[EventRounds "11"]
[EventCountry "ARG"]
[EventCategory "6"]
[SourceTitle "CBM 101 Extra"]
[Source "ChessBase"]
[SourceDate "2004.09.01"]
[SourceVersion "2"]
[SourceVersionDate "2004.09.01"]
[SourceQuality "1"]

1. Nf3 Nf6 2. c4 e6 3. g3 b6 4. Bg2 Bb7 5. d4 Be7 6. Nc3 Ne4 7. Bd2 0-0 8. d5 f5 9. Qc2 Nxd2 10. Qxd2 Bf6 11. 0-0 Na6 12. Rad1 Nc5 13. Nd4 Bxd4 14. Qxd4 d6 15. dxe6 Bxg2 16. Kxg2 Nxe6 17. Qd5 Qf6 18. f4 Rae8 19. e4 fxe4 20. f5 c6 21. Qxc6 Nc5 22. Rxd6 Qe5 23. Qd5+ Qxd5 24. Rxd5 Rf7 25. b3 Rfe7 26. Rd4 Kf7 27. Kf2 Rd7 28. Rxd7+ Nxd7 29. Ke3 Nf6 30. Rf4 Rd8 31. Nxe4 Rd1 32. Nxf6 Kxf6 33. Rf2 Ke5 34. Ke2 Ra1 35. Kd3 h5 36. Kc3 a5 37. Kb2 Rh1 38. Ka3 Kd4 39. Ka4 Kc5 40. f6 gxf6 41. Rf5+ Kc6 42. Rxh5 Rf1 43. a3 Rf3 44. Rh4 Rf2 45. Rf4 Rxh2 46. Rxf6+ Kc7 47. Rg6 Rb2 48. b4 axb4 49. axb4 Re2 50. Kb5 Re5+ 51. Ka6 Re4 52. Rg7+ Kc8 53. Kb5 Kd8 54. Rg6 Kc7 55. Rc6+ Kd7 56. Kxb6 Rg4 57. b5 Rxg3 58. c5 Rb3 59. Rh6 1-0

[Event "Itau Cup 450th Ann"]
[Site "Sao Paulo"]
[Date "2004.01.18"]
[Round "2"]
[White "Panno, Oscar"]
[Black "Machado, Gilmar Dias"]
[Result "1-0"]
[WhiteElo "2485"]
[BlackElo "2047"]
[PlyCount "107"]
[EventDate "2004.01.17"]
[EventType "swiss"]
[EventRounds "9"]
[EventCountry "BRA"]
[SourceTitle "CBM 098 Extra"]
[Source "ChessBase"]
[SourceDate "2004.03.10"]
[SourceVersion "2"]
[SourceVersionDate "2004.03.10"]
[SourceQuality "1"]

1. d4 d5 2. c4 c6 3. Nf3 Nf6 4. e3 e6 5. Bd3 Nbd7 6. 0-0 dxc4 7. Bxc4 b5 8. Bd3 Bb7 9. e4 a6 10. Qe2 c5 11. Rd1 cxd4 12. Nxd4 Bc5 13. Nb3 Ba7 14. a4 b4 15. Bg5 Qb8 16. N1d2 Ne5 17. Bh4 Nxd3 18. Qxd3 0-0 19. Na5 Qc7 20. Nxb7 Qxb7 21. Bxf6 gxf6 22. Nc4 Qc7 23. b3 Qf4 24. Qg3+ Qxg3 25. hxg3 Rfd8 26. Kf1 Kf8 27. Ke2 Rxd1 28. Rxd1 Ke7 29. Rd6 Bc5 30. Rc6 Bd4 31. Rc7+ Kf8 32. Nd6 Ra7 33. Rc8+ Ke7 34. Rc4 Kxd6 35. Rxd4+ Kc5 36. Rc4+ Kb6 37. Rxb4+ Ka5 38. Rb8 Rd7 39. Ke3 e5 40. b4+ Kxa4 41. Rb6 f5 42. exf5 Rd1 43. Rxa6+ Kxb4 44. Rf6 Kc3 45. Rc6+ Kb4 46. Rc7 Re1+ 47. Kd2 Rg1 48. Rxf7 Rxg2 49. Ke3 h5 50. f6 Kc5 51. Rh7 Kd6 52. Rxh5 Ke6 53. Rf5 Kf7 54. Ke4 1-0

[Event "Pereyra Puebla Memorial 02nd"]
[Site "Mendoza"]
[Date "2003.12.11"]
[Round "7"]
[White "Dolezal, Cristian"]
[Black "Panno, Oscar"]
[Result "0-1"]
[WhiteElo "2410"]
[BlackElo "2485"]
[PlyCount "94"]
[EventDate "2003.12.06"]
[EventType "swiss"]
[EventRounds "9"]
[EventCountry "ARG"]
[SourceTitle "CBM 097 Extra"]
[Source "ChessBase"]
[SourceDate "2004.01.13"]
[SourceVersion "1"]
[SourceVersionDate "2004.01.13"]
[SourceQuality "1"]

1. e4 c5 2. Nf3 e6 3. c3 Nf6 4. Bd3 Nc6 5. 0-0 d5 6. e5 Nd7 7. Qe2 Be7 8. Bb5 Qc7 9. d4 a6 10. Bxc6 bxc6 11. Be3 a5 12. Rc1 Ba6 13. Qc2 h6 14. Nbd2 0-0 15. Nb3 cxd4 16. cxd4 Rfc8 17. Bf4 Bc4 18. Nbd2 Be2 19. Re1 Bxf3 20. Nxf3 c5 21. Qe2 a4 22. Rac1 Qb7 23. dxc5 Bxc5 24. Rc2 Bf8 25. Rec1 Rxc2 26. Rxc2 Qb4 27. Be3 Qe4 28. Bd4 Qxe2 29. Rxe2 Rc8 30. g3 Rc1+ 31. Kg2 Bc5 32. Rd2 g5 33. h3 Bxd4 34. Rxd4 Rc2 35. Rxa4 Rxb2 36. h4 Nc5 37. Ra8+ Kg7 38. hxg5 Ne4 39. gxh6+ Kxh6 40. Nd4 Rd2 41. Nb5 Rxf2+ 42. Kg1 Rb2 43. Nd6 Ng5 44. Kf1 d4 45. a4 Ra2 46. a5 d3 47. a6 Ra1+ 0-1